ISO 9000, QS 9000, ISO 14000
Saved in:
| Hovedforfatter: | |
|---|---|
| Format: | Bog |
| Sprog: | spansk |
| Udgivet: |
Ciudad de México
McGraw-Hill
1998
|
| Fag: | |
| Tags: |
Tilføj Tag
Ingen Tags, Vær først til at tagge denne postø!
|
MARC
| LEADER | 00000nam a2200000 a 4500 | ||
|---|---|---|---|
| 001 | UCN0120 | ||
| 003 | CL-VaPUC | ||
| 008 | 010316e19980000MX |||||||||||||||||spa|d | ||
| 020 | |a 9701019059 | ||
| 082 | 0 | 4 | |a 658.562 |b GON |2 21 |
| 100 | |a González González, Carlos |e author |9 576017 | ||
| 245 | 1 | 0 | |a ISO 9000, QS 9000, ISO 14000 |
| 246 | 1 | 0 | |a Normas internacionales de administración de calidad, sistemas de calidad y sistemas ambientales |
| 300 | |a 574 p | ||
| 942 | |c BK | ||
| 945 | |d 20010316 00:00:00 |a cmena | ||
| 260 | |a Ciudad de México |b McGraw-Hill |c 1998 | ||
| 650 | 0 | |a Control de calidad |9 259714 | |
| 650 | 0 | |a Normas de calidad |9 455390 | |
| 650 | 0 | |a Administración de empresas |9 260833 | |
| 583 | |a last modification |c 20010316 00:00:00 |k Rodrigo Vera | ||
| 999 | |c 294061 |d 294059 | ||
| 952 | |0 0 |1 0 |4 0 |6 658_562000000000000_GON_1998 |7 0 |8 A |9 345907 |a BIBMEC |b BIBMEC |d 2019-11-20 |i 3625648 |o 658.562 GON 1998 |p 3625648 |r 2024-01-19 |w 2019-11-20 |y BK |k MEC | ||
| 952 | |0 0 |1 0 |4 0 |6 658_562000000000000_GON_1998 |7 0 |8 F |9 345908 |a BIBING |b BIBING |d 2019-11-20 |i 3686280 |o 658.562 GON 1998 |p 3686280 |r 2025-01-20 |w 2019-11-20 |y BK_F |k CCL | ||